| 000 | 01056nam a22002657a 4500 | ||
|---|---|---|---|
| 001 | BD-DhSAU 7469 | ||
| 003 | BD-DhSAU | ||
| 005 | 20230530155904.0 | ||
| 008 | 150422b2006 bg ||||| m||m 00| 0 eng d | ||
| 040 | _aBD-DhSAU | ||
| 082 |
_222 _a630 _bR8121 |
||
| 100 |
_aROY, SUBROTO KUMAR _eRegistration No. # 19-10221 |
||
| 245 |
_aEffect of irrigation frequency and time of
harvest on growth, yield and quality of
potato
/
_bMS thesis |
||
| 260 |
_aSher-e- Bangla Agricultural University: _bDepartment of Agronomy, _c2021. |
||
| 300 |
_axii, 107p.: _b30 cm. |
||
| 500 | _aMS thesis of Department of agronomy, Faculty of Agriculture , Sher-e-Bangla Agricultural University, Dhaka, Bangladesh | ||
| 590 | _aNamul | ||
| 650 | _airrigation frequency | ||
| 651 | _aharvest on growth | ||
| 654 | _a potato | ||
| 700 |
_aProf. Dr. Tuhin Suvra Roy _eSuperviser |
||
| 700 |
_aAssoc. Prof. Dr. Md. Hasanuzzaman _eCo-Superviser |
||
| 856 | _uhttp://archive.saulibrary.edu.bd:8080/xmlui/handle/123456789/4895 | ||
| 942 |
_2ddc _cTHESIS |
||
| 999 |
_c16825 _d16824 |
||